| 000 | 00665nam a2200205 a 4500 | ||
|---|---|---|---|
| 005 | 20140412111238.0 | ||
| 008 | 050513s19uu xx 00 eng d | ||
| 020 | _a0-8120-3564-X | ||
| 050 |
_aTR(GS 612.87 _bSi1 1985 |
||
| 100 | _aParramon, Jose Maria | ||
| 245 |
_aThe five senses: sight. / _cJ.M. Parramon, J.J. Puig. |
||
| 260 |
_aNew York : _bBarron's Educational Series, _c1985. |
||
| 300 | _a1 v. (unp.) ; ill. | ||
| 440 | _aThe five senses | ||
| 520 | _aA short scientific explanation of our sense of sightm with a diagram of the eye. | ||
| 650 |
_aVision _xJuvenile literature |
||
| 650 | _aEye | ||
| 650 | _aSenses ans sensation | ||
| 999 |
_c102546 _d102546 |
||